| 000 | 00915nam a2200265Ia 4500 | ||
|---|---|---|---|
| 003 | OSt | ||
| 005 | 20221005112031.0 | ||
| 006 | a|||||r|||| 00| 0 | ||
| 007 | ta | ||
| 008 | 221004b |||||||| |||| 00| 0 san d | ||
| 020 |
_a9788191006957 (hbk) _c300 |
||
| 024 | _a8403 | ||
| 037 |
_b237, 17/12/2013, Eastern Book Linkers _cTextual |
||
| 040 |
_aCRL _cCRL _bsan |
||
| 041 |
_2san _asan |
||
| 082 | _aO15,1x, 152Q0 | ||
| 100 | _aशर्मा, शिवराम | ||
| 245 | 0 | _aकल्लोलिनी | |
| 246 | _aKallolinī | ||
| 260 |
_aवाराणसी _bशारदा संस्कृत संस्थान भारत _c2010 |
||
| 300 |
_a310पृ0 _ccm. |
||
| 650 | _aसंस्कृत साहित्य | ||
| 942 |
_hO15,1x, 152Q0 _cTEXL _2cc |
||
| 999 |
_c1023627 _d1023627 |
||